[Event "TUR-chT 2nd League"]
[Site "Konya"]
[Date "2019.07.26"]
[Round "7.5"]
[White "Goksu, Beyza"]
[Black "Ozturk, Ecem"]
[Result "0-1"]
[WhiteElo "1107"]
[BlackElo "1268"]
[PlyCount "88"]
[EventDate "2019.07.22"]
[EventType "team-swiss"]
[EventRounds "9"]
[EventCountry "TUR"]
[SourceTitle "CBM 191 Extra"]
[Source "ChessBase"]
[SourceDate "2019.09.30"]
[SourceVersion "1"]
[SourceVersionDate "2019.09.30"]
[SourceQuality "1"]
[WhiteTeam "Ego Spor"]
[BlackTeam "Eskiseh Tasci"]
[WhiteTeamCountry "TUR"]
[BlackTeamCountry "TUR"]

1. c4 e5 2. Nc3 Nc6 3. e3 Nf6 4. d4 exd4 5. exd4 d5 6. c5 a6 7. a3 Be7 8. Nf3 0-0 9. Be2 h6 10. 0-0 Bf5 11. Be3 Ne4 12. Nxe4 Bxe4 13. Qd2 Bf6 14. h3 Qd7 15. b4 Rfe8 16. Ne1 Ne7 17. Bf3 Nf5 18. Bxe4 dxe4 19. Nc2 Rad8 20. Rfd1 Qd5 21. g4 Nh4 22. Ne1 Nf3+ 23. Nxf3 exf3 24. Qa2 Re4 25. Qxd5 Rxd5 26. Ra2 Bxd4 27. Rad2 Rxe3 28. Rxd4 Rxd4 29. Rxd4 Rxa3 30. Rd7 Rb3 31. Rxc7 Rxb4 32. c6 bxc6 33. Rxc6 a5 34. Rc3 a4 35. Rxf3 Rb3 36. Rf4 a3 37. Ra4 Kf8 38. h4 Ke7 39. Kf1 Kd6 40. Ke2 Kc5 41. Kd2 Kb5 42. Ra7 Rb2+ 43. Kc3 Rxf2 44. Rxa3 Rf3+ 0-1

[Event "TUR-chT 2nd League"]
[Site "Konya"]
[Date "2019.07.23"]
[Round "2.15"]
[White "Ozer, Melike Busra"]
[Black "Ozturk, Ecem"]
[Result "1/2-1/2"]
[WhiteElo "1058"]
[BlackElo "1268"]
[PlyCount "111"]
[EventDate "2019.07.22"]
[EventType "team-swiss"]
[EventRounds "9"]
[EventCountry "TUR"]
[SourceTitle "CBM 191 Extra"]
[Source "ChessBase"]
[SourceDate "2019.09.30"]
[SourceVersion "1"]
[SourceVersionDate "2019.09.30"]
[SourceQuality "1"]
[WhiteTeam "Kahramanmaras Ustad"]
[BlackTeam "Eskiseh Tasci"]
[WhiteTeamCountry "TUR"]
[BlackTeamCountry "TUR"]

1. e4 e5 2. Nf3 Nc6 3. Bc4 Bc5 4. c3 Nf6 5. d4 exd4 6. cxd4 Bb4+ 7. Bd2 Bxd2+ 8. Nbxd2 d5 9. exd5 Nxd5 10. 0-0 0-0 11. Nb3 a6 12. a3 b6 13. Rc1 Nce7 14. Bd3 h6 15. Bc2 Be6 16. Re1 Nf6 17. Nbd2 Ned5 18. Ne4 Re8 19. Ne5 Nxe4 20. Bxe4 Rc8 21. Qf3 Nf6 22. Nc6 Qd7 23. Qd1 Nxe4 24. Rxe4 Bd5 25. Ne5 Qf5 26. Re3 f6 27. Ng4 h5 28. Rxe8+ Rxe8 29. Ne3 Qg5 30. Nxd5 Qxd5 31. Rxc7 Rd8 32. g3 g6 33. Qd3 f5 34. Qc4 Qxc4 35. Rxc4 Rd6 36. Kg2 Kf7 37. Kf3 Ke6 38. Ke3 Kd5 39. Rc2 Re6+ 40. Kd3 Re4 41. Rc4 h4 42. f3 Re1 43. gxh4 Rd1+ 44. Ke2 Re1+ 45. Kxe1 Kxc4 46. Ke2 Kxd4 47. Kd2 f4 48. b3 b5 49. h3 a5 50. h5 gxh5 51. h4 a4 52. b4 Kc4 53. Kc2 Kd4 54. Kd2 Kc4 55. Kc2 Kd4 56. Kd2 1/2-1/2

[Event "TUR-chT 2nd League"]
[Site "Konya"]
[Date "2019.07.22"]
[Round "1.6"]
[White "Ozturk, Ecem"]
[Black "Gunes, Deren"]
[Result "1/2-1/2"]
[WhiteElo "1268"]
[BlackElo "1266"]
[PlyCount "66"]
[EventDate "2019.07.22"]
[EventType "team-swiss"]
[EventRounds "9"]
[EventCountry "TUR"]
[SourceTitle "CBM 191 Extra"]
[Source "ChessBase"]
[SourceDate "2019.09.30"]
[SourceVersion "1"]
[SourceVersionDate "2019.09.30"]
[SourceQuality "1"]
[WhiteTeam "Eskiseh Tasci"]
[BlackTeam "Mugla Ortaca Belediye"]
[WhiteTeamCountry "TUR"]
[BlackTeamCountry "TUR"]

1. e4 c5 2. Nf3 d6 3. Bb5+ Bd7 4. Bxd7+ Qxd7 5. 0-0 Nf6 6. Re1 Nc6 7. c3 g6 8. d4 cxd4 9. cxd4 d5 10. exd5 Nxd5 11. Ne5 Qc7 12. Qf3 Nf6 13. Nxc6 Qxc6 14. Qxc6+ bxc6 15. Nc3 Bg7 16. Bf4 Rd8 17. Rad1 Rd7 18. Na4 Rd5 19. Nc3 Rd7 20. Be3 0-0 21. Rc1 Rc8 22. Rc2 Ng4 23. h3 Nh6 24. Ne2 Nf5 25. Rd1 e6 26. g4 Ne7 27. Rdc1 Rcc7 28. Rc4 h6 29. g5 Kh7 30. gxh6 Bxh6 31. Bxh6 Kxh6 32. Kg2 Rd5 33. Rc5 Rd6 1/2-1/2

[Event "TUR-chT 2nd League"]
[Site "Konya"]
[Date "2018.07.20"]
[Round "7.11"]
[White "Daban, Ezgi"]
[Black "Ozturk, Ecem"]
[Result "0-1"]
[WhiteElo "1006"]
[BlackElo "1273"]
[PlyCount "104"]
[EventDate "2018.07.16"]
[EventType "team-swiss"]
[EventRounds "9"]
[EventCountry "TUR"]
[SourceTitle "EXT 2019"]
[Source "ChessBase"]
[SourceDate "2018.10.10"]
[SourceVersion "1"]
[SourceVersionDate "2018.10.10"]
[SourceQuality "1"]
[WhiteTeam "Bursa Nida"]
[BlackTeam "Gulbahcesi Egitim"]
[WhiteTeamCountry "TUR"]
[BlackTeamCountry "TUR"]

1. e4 e5 2. d4 exd4 3. Qxd4 Nc6 4. Qe3 d6 5. Nc3 Nf6 6. f3 Be7 7. Bd2 a6 8. 0-0-0 Be6 9. g4 Nd7 10. Kb1 Nb6 11. b3 Qd7 12. h4 h6 13. Be2 0-0-0 14. f4 Bxg4 15. f5 Bxe2 16. Ngxe2 Bf6 17. h5 Qe7 18. Nd5 Nxd5 19. exd5 Qxe3 20. Bxe3 Rhe8 21. Rh3 Ne5 22. Bd4 Rd7 23. Re3 Rde7 24. Rg1 Kb8 25. Nc1 Nf3 26. Rxe7 Bxe7 27. Rg4 Nxd4 28. Rxd4 Bf6 29. Rd2 Re1 30. Re2 Rf1 31. c4 Bg5 32. Rc2 Bxc1 33. Rxc1 Rxf5 34. Rg1 Rg5 35. Rxg5 hxg5 36. Kc2 f5 37. Kd3 Kc8 38. Ke3 Kd7 39. Kf3 c5 40. a4 a5 41. Kg3 Ke7 42. Kf3 Kf6 43. Ke3 Ke5 44. Kd3 g4 45. Ke2 f4 46. Kf2 f3 47. Ke3 Kf5 48. Kf2 Kf4 49. Kf1 g3 50. Ke1 Ke3 51. Kf1 f2 52. Kg2 Ke2 0-1

[Event "TUR-chT 2nd League"]
[Site "Konya"]
[Date "2018.07.19"]
[Round "6.11"]
[White "Ozturk, Ecem"]
[Black "Ataer, Melisa"]
[Result "1/2-1/2"]
[WhiteElo "1273"]
[BlackElo "1200"]
[PlyCount "89"]
[EventDate "2018.07.16"]
[EventType "team-swiss"]
[EventRounds "9"]
[EventCountry "TUR"]
[SourceTitle "EXT 2019"]
[Source "ChessBase"]
[SourceDate "2018.10.10"]
[SourceVersion "1"]
[SourceVersionDate "2018.10.10"]
[SourceQuality "1"]
[WhiteTeam "Gulbahcesi Egitim"]
[BlackTeam "Istanbul Sisli"]
[WhiteTeamCountry "TUR"]
[BlackTeamCountry "TUR"]

1. e4 e6 2. d4 d5 3. e5 c5 4. c3 Nc6 5. Nf3 Qb6 6. a3 a5 7. Bd3 Bd7 8. Bc2 cxd4 9. cxd4 Nge7 10. Nc3 Ng6 11. 0-0 Be7 12. Rb1 0-0 13. Qd3 f6 14. exf6 Bxf6 15. Be3 Nce7 16. Qd2 Qc6 17. Ba4 Qc8 18. Rbc1 Qe8 19. Bxd7 Qxd7 20. Rfe1 e5 21. dxe5 Nxe5 22. Nxe5 Bxe5 23. Bc5 Bxh2+ 24. Kh1 Bf4 25. Qd4 Nc6 26. Qxd5+ Qxd5 27. Nxd5 Bxc1 28. Bxf8 Rxf8 29. Rxc1 Rxf2 30. b4 axb4 31. axb4 Rb2 32. Rf1 g5 33. Nf6+ Kg7 34. Ne8+ Kg6 35. g4 h5 36. Rf6+ Kh7 37. Rf7+ Kg8 38. Rxb7 hxg4 39. Nf6+ Kf8 40. Nxg4 Rxb4 41. Rxb4 Nxb4 42. Kg2 Kg7 43. Ne5 Kf6 44. Nf3 Kf5 45. Nxg5 1/2-1/2

[Event "TUR-chT 2nd League"]
[Site "Konya"]
[Date "2017.07.20"]
[Round "6.14"]
[White "Ozturk, Ecem"]
[Black "Ozturkoglu, Beyza"]
[Result "0-1"]
[WhiteElo "1271"]
[BlackElo "1123"]
[PlyCount "92"]
[EventDate "2017.07.17"]
[EventType "team-swiss"]
[EventRounds "9"]
[EventCountry "TUR"]
[SourceTitle "CBM 179 Extra"]
[Source "ChessBase"]
[SourceDate "2017.08.23"]
[SourceVersion "1"]
[SourceVersionDate "2017.08.23"]
[SourceQuality "1"]
[WhiteTeam "Ordu Gul Bahcesi"]
[BlackTeam "Bolu Koroglu"]
[WhiteTeamCountry "TUR"]
[BlackTeamCountry "TUR"]

1. e4 e6 2. d4 d5 3. e5 c5 4. c3 Nc6 5. Nf3 Qb6 6. a3 Bd7 7. Be2 0-0-0 8. 0-0 c4 9. Qc2 f6 10. exf6 Nxf6 11. h3 Bd6 12. Ng5 Rdf8 13. Nd2 h6 14. Ngf3 g5 15. Nh2 Bxh2+ 16. Kxh2 Qc7+ 17. g3 h5 18. Kg2 g4 19. h4 e5 20. dxe5 Qxe5 21. Nb1 Bf5 22. Qd2 Bxb1 23. Kg1 Bg6 24. Re1 Ne4 25. Qe3 Nxf2 26. Qxe5 Nxe5 27. Bf4 Nh3+ 28. Kh2 Nxf4 29. gxf4 Rxf4 30. Kg3 Rhf8 31. Rad1 Be4 32. Rg1 Rf2 33. Rdf1 Rxf1 34. Rxf1 Rxf1 35. Bxf1 Nd3 36. Be2 Nxb2 37. Kf4 Bg6 38. Kg3 Na4 39. Bxg4+ hxg4 40. Kxg4 Nxc3 41. Kg5 Be8 42. h5 Bxh5 43. Kxh5 d4 44. Kh4 d3 45. Kh5 d2 46. Kh4 d1Q 0-1

[Event "TUR-chT 2nd League"]
[Site "Konya"]
[Date "2017.07.17"]
[Round "1.2"]
[White "Bolu, Yagmur"]
[Black "Ozturk, Ecem"]
[Result "1-0"]
[WhiteElo "1464"]
[BlackElo "1271"]
[PlyCount "147"]
[EventDate "2017.07.17"]
[EventType "team-swiss"]
[EventRounds "9"]
[EventCountry "TUR"]
[SourceTitle "CBM 179 Extra"]
[Source "ChessBase"]
[SourceDate "2017.08.23"]
[SourceVersion "1"]
[SourceVersionDate "2017.08.23"]
[SourceQuality "1"]
[WhiteTeam "Berk Tugra Caliskan"]
[BlackTeam "Ordu Gul Bahcesi"]
[WhiteTeamCountry "TUR"]
[BlackTeamCountry "TUR"]

1. d4 d5 2. c4 c6 3. Nf3 Nf6 4. e3 Bf5 5. Nc3 e6 6. Nh4 Bg6 7. Nxg6 hxg6 8. Bd3 Be7 9. g4 dxc4 10. Bxc4 Nd5 11. Bd2 Qc7 12. h3 Nxc3 13. Bxc3 Nd7 14. Qf3 Nb6 15. Bb3 Nd5 16. e4 Nxc3 17. bxc3 a5 18. a4 Rc8 19. 0-0 g5 20. Rac1 0-0 21. c4 Qf4 22. Qxf4 gxf4 23. c5 g5 24. Rfe1 Rfd8 25. d5 e5 26. d6 Bf8 27. Bc4 Rd7 28. Rb1 Ra8 29. Rb3 Ra7 30. Kg2 Bg7 31. f3 Bf6 32. Kf2 Bd8 33. Ke2 Kg7 34. Reb1 Kf6 35. Kd3 Kg7 36. Kc3 Kf6 37. R3b2 Kg7 38. Rg2 Kg6 39. Kc2 Kg7 40. h4 gxh4 41. g5 h3 42. Rh2 Bxg5 43. Rg1 Kf6 44. Rxh3 Ra8 45. Rh2 Rf8 46. Rh5 Rg8 47. Kc3 Rg6 48. Kc2 Rg8 49. Kc3 Rg6 50. Bf1 Rd8 51. Bh3 Rdg8 52. Bf5 R6g7 53. Kc4 Rd8 54. d7 Rdg8 55. Rg2 Ke7 56. Rd2 Rb8 57. Rb2 f6 58. Rhh2 Rf7 59. Rb6 Rg7 60. Rhb2 Rgg8 61. Rxb7 Rxb7 62. Rxb7 Bh4 63. Rc7 Rb8 64. Rxc6 Rb4+ 65. Kd3 Rd4+ 66. Ke2 Rb4 67. Rc8 Rb2+ 68. Kd3 Rb3+ 69. Kc2 Kf7 70. d8Q Rc3+ 71. Kxc3 Be1+ 72. Kc2 Kg7 73. Qg8+ Kh6 74. Qg6# 1-0